| 000 -LEADER |
| fixed length control field |
00772cam a22002531 4500 |
| 001 - CONTROL NUMBER |
| control field |
276547 |
| 005 - DATE AND TIME OF LATEST TRANSACTION |
| control field |
20180127034007.0 |
| 008 - FIXED-LENGTH DATA ELEMENTS--GENERAL INFORMATION |
| fixed length control field |
730529m19561958nyub 000 0 eng |
| 010 ## - LIBRARY OF CONGRESS CONTROL NUMBER |
| LC control number |
56006868 |
| 040 ## - CATALOGING SOURCE |
| Original cataloging agency |
DLC |
| Transcribing agency |
DLC |
| Modifying agency |
DLC |
| 041 ## - LANGUAGE CODE |
| Language code of text/sound track or separate title |
eng |
| 043 ## - GEOGRAPHIC AREA CODE |
| Geographic area code |
e-uk--- |
| 051 ## - LIBRARY OF CONGRESS COPY, ISSUE, OFFPRINT STATEMENT |
| Copy information |
Copy 6. Rosenwald Coll. |
| 080 ## - UNIVERSAL DECIMAL CLASSIFICATION NUMBER |
| Universal Decimal Classification number |
942 |
| 082 00 - DEWEY DECIMAL CLASSIFICATION NUMBER |
| Classification number |
942 CHU |
| 100 1# - Rafti |
| Rafti |
16 |
| 101 ## - Shkurtesa |
| Shkurtesa |
HIS |
| 245 12 - TITLE STATEMENT |
| Title |
A history of the English-speaking peoples. |
| 510 4# - CITATION/REFERENCES NOTE |
| Name of source |
Library of Congress. Lessing J. Rosenwald collection, |
| Location within source |
2300 |
| 906 ## - LOCAL DATA ELEMENT F, LDF (RLIN) |
| a |
7 |
| b |
cbc |
| c |
orignew |
| d |
u |
| e |
ocip |
| f |
19 |
| g |
y-gencatlg |
| 942 ## - ADDED ENTRY ELEMENTS (KOHA) |
| Source of classification or shelving scheme |
|
| Item type |
Books |
| 987 ## - LOCAL ROMANIZATION/CONVERSION HISTORY (OCLC) |
| Agency that converted, created or reviewed |
RBSCDRECON |
| Date of conversion or review |
20171025 |
| Status code |
r |
| Note |
BIB FILE MAINT. (rsl says copy 1 in Rare; BIP reports it in Gen Coll; no copy 4; Rosenwald problem) |